Damnum Iniuria Datum

Salvato in:
Dettagli Bibliografici
Autore principale: Valditara, Giuseppe (Autore)
Natura: Libro
Lingua:italiano
Pubblicazione: Turín G. Giappichelli 2005
Edizione:2a. ed
Soggetti:
Tags: Aggiungi Tag
Nessun Tag, puoi essere il primo ad aggiungerne!!

MARC

LEADER 00000nam a2200000 a 4500
001 UCJ9452
003 CL-VaPUC
008 070316e20050000IT |||||||||||||||||ita|d
020 |a 8834854713 
082 0 4 |a 340.54  |b VAL  |2 21 
100 0 |a Valditara, Giuseppe  |e author  |9 519487 
245 1 0 |a Damnum Iniuria Datum  
250 |a 2a. ed 
300 |a 163 p 
942 |c BK 
945 |d 20070316 00:00:00  |a lvergara 
260 |a Turín  |b G. Giappichelli  |c 2005 
650 0 |a Derecho romano  |9 255930 
650 0 |a Teoría del derecho  |9 255982 
650 0 |a Jurisprudencia  |9 255952 
583 |a last modification  |c 20070316 00:00:00  |k Rodrigo Vera 
999 |c 324976  |d 324974 
952 |0 0  |1 0  |4 0  |6 340_540000000000000_VAL_2005  |7 0  |8 DER_ROM  |9 405399  |a BIBDER  |b BIBDER  |d 2019-11-22  |i 4322584  |o 340.54 VAL 2005  |p 4322584  |r 2023-01-25  |w 2019-11-22  |x Ubicación 4to piso  |y BK  |z Este recurso debe solicitarse con anticipación  |k DER